| 000 | 00585nam a2200169Ia 4500 | ||
|---|---|---|---|
| 005 | 20250508153426.0 | ||
| 008 | 008 250505s9999 xx 000 0 eng d | ||
| 037 | _aBooks to be hide in OPAC | ||
| 040 |
_aFEDL _beng _cFEDL |
||
| 041 |
_aeng _2eng |
||
| 084 |
_a371.1, UNI/O _qFEDL |
||
| 245 | 0 | _aTeacher exchange opportunities summer seminary-teaching for American: Elementary secondary and junior college teachers | |
| 260 |
_aWashington, USA _bU.S. Government Printing Office _c1957 |
||
| 300 | _aiv,30p. | ||
| 942 |
_cHB _h371.1, UNI/O |
||
| 999 |
_c1342780 _d1342780 |
||